000 00519cam a22002054a 4500
005 20250605164157.0
008 250528s ||||||||||||||||||||||||d
035 _a19650
020 _a9603060534
040 _aGR-AtMCL
_bgre
_dGR-AtMCL
_eAACR2
245 1 _aCOREL DRAW 4
250 _a1
260 _bAnubis,
_c1993
300 _a401
700 1 _aΔακογιαννης Γιαννης
_95708
700 1 _aΔιακογιάννης, Γιάννης
_95856
942 _cBK
999 _c4906
_d4906